[Event "Elit(Astorp-Solna)"]
[Site "?"]
[Date "2007.10.21"]
[Round "3"]
[White "Lindberg, Bengt"]
[Black "Sjodahl, Pontus"]
[Result "0-1"]
[WhiteElo "2495"]
[BlackElo "2482"]
[PlyCount "82"]

1. e4 e6 2. d4 d5 3. Nc3 Bb4 4. e5 c5 5. a3 Bxc3+ 6. bxc3 Ne7 7. Qg4 O-O 8. Bd3
Nbc6 9. Qh5 Ng6 10. Nf3 Qe7 11. Bg5 Qc7 12. h4 c4 13. Bxg6 fxg6 14. Qg4 Qf7 15.
Kd2 Qf5 16. Qg3 h6 17. Be3 Bd7 18. Ng1 b5 19. Ne2 a5 20. h5 Ne7 21. hxg6 Be8
22. Rh4 Bxg6 23. Rc1 Kh7 24. Qh2 Kg8 25. Nf4 Rab8 26. g4 Qf7 27. g5 h5 28. Nxh5
Bxh5 29. Rxh5 Ng6 30. Rh1 Qf5 31. Rh7 Rb7 32. Qh5 b4 33. axb4 axb4 34. cxb4 c3+
35. Kd1 Ra7 36. Rh3 Qe4 37. Rh8+ Nxh8 38. Qxh8+ Kf7 39. Qh5+ Ke7 40. Bc1 Qxd4+
41. Rd3 Qxf2 0-1

[Event "Elit(Astorp-Solna)"]
[Site "?"]
[Date "2007.10.21"]
[Round "3"]
[White "Tairi, Faruk"]
[Black "Jonsson, Mikael"]
[Result "0-1"]
[WhiteElo "2443"]
[BlackElo "2308"]
[PlyCount "66"]

1. e4 e5 2. Nf3 Nc6 3. d4 exd4 4. Bc4 Nf6 5. e5 d5 6. Bb5 Ne4 7. Nxd4 Bd7 8.
Bxc6 bxc6 9. O-O Bc5 10. f3 Ng5 11. f4 Ne4 12. Be3 O-O 13. Nd2 Nxd2 14. Qxd2
Bb6 15. Nb3 f6 16. Qc3 fxe5 17. fxe5 Qh4 18. Nc5 Bf5 19. Rf4 Qh5 20. Raf1 Qg6
21. R1f2 Bh3 22. Qd3 Rxf4 23. Qxg6 Rxf2 24. Qxc6 Rxg2+ 25. Kh1 Rf8 26. Qxd5+
Kh8 27. Qxg2 Bxg2+ 28. Kxg2 Rf5 29. b4 Rxe5 30. Kf2 Kg8 31. a4 Kf7 32. a5 Bxc5
33. Bxc5 Rxc5 0-1

[Event "Elit(Astorp-Solna)"]
[Site "?"]
[Date "2007.10.21"]
[Round "3"]
[White "Johansson, Gunnar"]
[Black "Ivarsson, Stefan"]
[Result "1/2-1/2"]
[WhiteElo "2270"]
[BlackElo "2297"]
[PlyCount "68"]

1. d4 f5 2. g3 Nf6 3. Bg2 g6 4. c4 Bg7 5. Nc3 O-O 6. Nh3 d6 7. d5 Nbd7 8. Qc2
e5 9. dxe6 Nc5 10. O-O c6 11. Be3 Nxe6 12. Rad1 Ng4 13. Bc1 Ne5 14. b3 Qc7 15.
Ba3 Nf7 16. Rd2 Re8 17. Rfd1 Nc5 18. Nf4 a5 19. e3 Bf8 20. Nd3 Ne4 21. Nxe4
fxe4 22. Nf4 Bg4 23. Bxe4 Bxd1 24. Rxd1 Ng5 25. Bg2 Ne6 26. Nxe6 Rxe6 27. Bh3
Ree8 28. Rd3 Rad8 29. Qd1 Qe7 30. Qd2 c5 31. Bb2 b6 32. Bg2 Bg7 33. Bxg7 Kxg7
34. a4 Qe6 1/2-1/2

[Event "Elit(Astorp-Solna)"]
[Site "?"]
[Date "2007.10.21"]
[Round "3"]
[White "Fagerstrom, Bjorn"]
[Black "Bergstrom, Christer"]
[Result "0-1"]
[WhiteElo "2259"]
[BlackElo "2351"]
[PlyCount "62"]

1. d4 Nf6 2. Bg5 d5 3. Bxf6 exf6 4. e3 Bf5 5. Bd3 Qd7 6. Nf3 Bd6 7. c4 dxc4 8.
Bxc4 O-O 9. Nc3 Nc6 10. Rc1 Ne7 11. a3 c6 12. e4 Bg4 13. h3 Bh5 14. g4 Bg6 15.
e5 Bc7 16. exf6 gxf6 17. Qd2 Rfe8 18. Kf1 b5 19. Bb3 a5 20. Rd1 b4 21. Na4 bxa3
22. Nc5 Qd6 23. bxa3 Rab8 24. Nh4 Rxb3 25. Nxb3 Qd5 26. f3 Qxb3 27. Kg2 Nd5 28.
Rhe1 Rb8 29. Nxg6 hxg6 30. Rb1 Nf4+ 31. Kf2 Nd3+ 0-1

[Event "Elit(Astorp-Solna)"]
[Site "?"]
[Date "2007.10.21"]
[Round "3"]
[White "Karlsson, Tomas"]
[Black "Nilsson, Anders"]
[Result "1-0"]
[WhiteElo "2287"]
[BlackElo "2264"]
[PlyCount "85"]

1. e4 e6 2. d4 d5 3. Nc3 Bb4 4. e5 c5 5. a3 Bxc3+ 6. bxc3 Ne7 7. Qg4 O-O 8. Bd3
Nbc6 9. Nf3 f5 10. exf6 Rxf6 11. Bg5 e5 12. Qh4 e4 13. Bxf6 gxf6 14. Qxf6 exd3
15. cxd3 Bf5 16. Qg5+ Kh8 17. Qf6+ Kg8 18. O-O Qf8 19. Qg5+ Qg7 20. Qxg7+ Kxg7
21. dxc5 Bxd3 22. Rfe1 Ng6 23. Rad1 Bc4 24. Nd4 Nxd4 25. cxd4 Rf8 26. g3 Rf7
27. Rb1 Rd7 28. Rbd1 Ne7 29. f4 Nc6 30. Kf2 Bb3 31. Rd2 a5 32. g4 a4 33. f5 Na5
34. g5 Bc4 35. Kg3 Nc6 36. Kg4 h6 37. h4 hxg5 38. hxg5 Rd8 39. f6+ Kf7 40. Kf5
Rg8 41. Rh1 Ba6 42. Rh7+ Kf8 43. Rc7 1-0

[Event "Elit(Astorp-Solna)"]
[Site "?"]
[Date "2007.10.21"]
[Round "3"]
[White "Tallinger, Thomas"]
[Black "Landgren, Andreas"]
[Result "0-1"]
[WhiteElo "2200"]
[BlackElo "2213"]
[PlyCount "104"]

1. e4 c5 2. Nf3 d6 3. d4 cxd4 4. Nxd4 Nf6 5. Nc3 a6 6. Be2 e6 7. O-O Be7 8. Be3
O-O 9. f4 Nc6 10. a4 Qc7 11. Bf3 Bd7 12. Nb3 b6 13. g4 Bc8 14. g5 Nd7 15. Bg2
Re8 16. h4 Bb7 17. h5 Bf8 18. Qg4 Na5 19. Nxa5 bxa5 20. Rad1 Bc6 21. Bc1 Rab8
22. b3 Nc5 23. h6 g6 24. Bb2 Nxa4 25. Nxa4 Bxa4 26. f5 Qxc2 27. fxg6 fxg6 28.
Rf2 Qxb3 29. Rdf1 e5 30. Bh3 Re7 31. Qg2 Bd7 32. Bxd7 Rxd7 33. Qg4 Re7 34. Bc1
Qe6 35. Qf3 Ree8 36. Kh2 Be7 37. Qf7+ Qxf7 38. Rxf7 Bf8 39. Ra7 Ra8 40. Rd7
Red8 41. Rb7 Rac8 42. Kg2 Rc2+ 43. Kg3 Rdc8 44. Be3 R2c3 45. Kf3 d5 46. exd5
Bc5 47. Rg7+ Kh8 48. Re1 e4+ 49. Kg4 Bxe3 50. Re7 Bc5 51. R7xe4 Bf8 52. Rd1
R3c4 0-1

[Event "Elit(Astorp-Solna)"]
[Site "?"]
[Date "2007.10.21"]
[Round "3"]
[White "Dalmau, Jorgen"]
[Black "Bengtsson, Jan"]
[Result "1-0"]
[WhiteElo "2152"]
[BlackElo "2066"]
[PlyCount "93"]

1. e4 c6 2. d4 d5 3. exd5 cxd5 4. c4 Nf6 5. Nc3 Nc6 6. Nf3 e6 7. Bd3 dxc4 8.
Bxc4 Be7 9. O-O O-O 10. Be3 a6 11. Rc1 Nb4 12. a3 b5 13. Bxb5 axb5 14. axb4 Nd5
15. Ra1 Bb7 16. Ne5 Qd6 17. Qg4 f5 18. Qe2 Qxb4 19. Nd7 Rfe8 20. Rxa8 Rxa8 21.
Bd2 Qd6 22. Nc5 Nxc3 23. Bxc3 Bd5 24. Qxb5 Bc6 25. Qe2 e5 26. Qc4+ Qd5 27.
Qxd5+ Bxd5 28. Re1 e4 29. Nd7 Ra6 30. Ne5 Bg5 31. h3 Bh6 32. Re2 Ra1+ 33. Re1
Ra8 34. Nd7 Ra6 35. Ne5 Ra7 36. Bb4 Rb7 37. Bc3 g5 38. Ra1 Bf8 39. Ra5 Bb3 40.
Nc6 Rc7 41. Ne5 f4 42. Ra8 Rb7 43. Rd8 Ba4 44. d5 e3 45. fxe3 fxe3 46. d6 Rf7
47. Ng4 1-0

[Event "Elit(Astorp-Solna)"]
[Site "?"]
[Date "2007.10.21"]
[Round "3"]
[White "Pettersson, Gosta"]
[Black "Steneskog, Per"]
[Result "0-1"]
[WhiteElo "2133"]
[BlackElo "2245"]
[PlyCount "54"]
[EventDate "2007.??.??"]

1. c4 e6 2. Nc3 d5 3. d4 c5 4. e3 Nf6 5. Nf3 Nc6 6. a3 cxd4 7. exd4 Be7 8. Bd3
O-O 9. O-O dxc4 10. Bxc4 Qc7 11. Qe2 a6 12. Bg5 b5 13. Ba2 b4 14. axb4 Nxb4 15.
Bb3 Bb7 16. Ne5 Nfd5 17. Bd2 Nxc3 18. bxc3 Nd5 19. Rfc1 Bd6 20. c4 Nb4 21. f4
Nc6 22. Bc3 Rad8 23. Rd1 Qb6 24. Rab1 Bxe5 25. Bc2 Bxd4+ 26. Rxd4 Qc5 27. Qe4
g6 0-1

[Event "Elit(Manhem-LASK)"]
[Site "?"]
[Date "2007.11.17"]
[Round "4"]
[White "Lund, Esben"]
[Black "Akesson, Joel"]
[Result "1-0"]
[WhiteElo "2445"]
[BlackElo "2388"]
[PlyCount "181"]
[SourceDate "2007.11.17"]

1. d4 d5 2. c4 c6 3. Nf3 Nf6 4. e3 Bg4 5. h3 Bxf3 6. Qxf3 e6 7. Bd3 Nbd7 8. O-O
Bd6 9. Nd2 O-O 10. e4 dxe4 11. Nxe4 Nxe4 12. Qxe4 Nf6 13. Qh4 Re8 14. Be3 Be7
15. Rad1 Qa5 16. a3 Rad8 17. Bd2 Qh5 18. Qxh5 Nxh5 19. g4 Nf6 20. Be3 a6 21.
Kg2 h6 22. f4 Nd7 23. Kf3 Nf8 24. Be4 Nd7 25. Rd2 g6 26. Rfd1 f5 27. Bc2 Nf6
28. Bf2 Kf7 29. Re2 h5 30. g5 Nd7 31. b4 Bd6 32. Bb3 Re7 33. Be1 Rde8 34. Bc3
b5 35. c5 Bc7 36. a4 Nb8 37. Ra1 Bd8 38. Rea2 Rb7 39. Bd2 Rd7 40. Be3 Rb7 41.
axb5 axb5 42. Ra8 Be7 43. Ke2 Bf8 44. Kd3 Bg7 45. R1a2 Rd8 46. Kc3 Rbd7 47. Rd2
Bh8 48. Bd1 Bg7 49. Bf3 Rc7 50. Rda2 Ke7 51. Bf2 Nd7 52. R8a6 Rdc8 53. Re2 Nb8
54. Ra8 Nd7 55. Ra1 Kf7 56. Kd3 Bh8 57. Ra5 Bg7 58. Rea2 Ke7 59. Be1 Nb8 60.
Bc3 Kf7 61. Re2 Rd7 62. Ke3 Rcd8 63. Rd2 Rc7 64. Ra8 Rdc8 65. Re2 Nd7 66. Ra5
Nb8 67. Kd3 Rd7 68. d5 exd5 69. Bxg7 Kxg7 70. Re6 Kf7 71. Rf6+ Kg7 72. Re6 Kf7
73. Rf6+ Kg7 74. Ra8 Rcd8 75. Kd4 Rc7 76. Re6 Kf7 77. Rf6+ Kg7 78. Re6 Kf7 79.
Rd6 Rdc8 80. Ra1 Re7 81. Rf6+ Kg7 82. Ra8 Rec7 83. Re6 Kf7 84. Re1 Kg7 85. Rea1
Nd7 86. Rxc8 Rxc8 87. Ra7 Rd8 88. Rc7 Kf8 89. Rxc6 Ra8 90. Rc7 Ke7 91. c6 1-0

[Event "Elit(Manhem-LASK)"]
[Site "?"]
[Date "2007.11.17"]
[Round "4"]
[White "Nithander, Victor"]
[Black "Tikkanen, Hans"]
[Result "0-1"]
[WhiteElo "2433"]
[BlackElo "2477"]
[PlyCount "74"]

1. e4 e5 2. Nf3 Nc6 3. Bb5 a6 4. Ba4 Nf6 5. O-O Nxe4 6. d4 b5 7. Bb3 d5 8. dxe5
Be6 9. c3 Bc5 10. Nbd2 O-O 11. Bc2 Nxf2 12. Rxf2 f6 13. exf6 Bxf2+ 14. Kxf2
Qxf6 15. Kg1 Rae8 16. h3 Kh8 17. Nf1 Ne5 18. Nxe5 Qxe5 19. Qd4 Rxf1+ 20. Kxf1
Rf8+ 21. Qf2 Rxf2+ 22. Kxf2 Bxh3 23. Bd3 Bf5 24. Bf1 Qe4 25. a4 Qc2+ 26. Kg1
bxa4 27. Bf4 c6 28. Re1 Be4 29. Re2 Qb3 30. Rf2 h6 31. Be5 Qb6 32. c4 Kg8 33.
cxd5 cxd5 34. Be2 g6 35. Kf1 a3 36. Rf6 Qe3 37. bxa3 Bxg2+ 0-1

[Event "Elit(Manhem-LASK)"]
[Site "?"]
[Date "2007.11.17"]
[Round "4"]
[White "Smith, Axel"]
[Black "Schneider, Lars-Ake"]
[Result "0-1"]
[WhiteElo "2403"]
[BlackElo "2328"]
[PlyCount "82"]

1. e4 c5 2. Nf3 Nc6 3. d4 cxd4 4. Nxd4 Nf6 5. Nc3 d6 6. Bg5 e6 7. Qd2 a6 8.
O-O-O Bd7 9. f3 Be7 10. Be3 Qc7 11. g4 h6 12. h4 Nxd4 13. Bxd4 e5 14. Be3 Be6
15. Rg1 d5 16. exd5 O-O-O 17. Qf2 Nxd5 18. Nxd5 Rxd5 19. Rxd5 Bxd5 20. Kb1 Kb8
21. Be2 Rc8 22. c4 Be6 23. f4 Qc6 24. b3 Qe4+ 25. Kb2 Bxh4 26. Qf3 Qxf3 27.
Bxf3 Bf6 28. g5 hxg5 29. fxg5 Be7 30. Rh1 b5 31. cxb5 axb5 32. a3 Bxa3+ 33.
Kxa3 Rc3 34. Bd1 Rxe3 35. Kb4 Kc7 36. g6 fxg6 37. Rh7 Kb6 38. Rxg7 Bf5 39. Ka3
Re1 40. Bg4 Kc5 41. b4+ Kd4 0-1

[Event "Elit(Manhem-LASK)"]
[Site "?"]
[Date "2007.11.17"]
[Round "4"]
[White "Kinnmark, Ove"]
[Black "Semcesen, Daniel"]
[Result "0-1"]
[WhiteElo "2272"]
[BlackElo "2403"]
[PlyCount "84"]
[SourceDate "2007.11.18"]

1. Nf3 d5 2. d4 Nf6 3. c4 dxc4 4. Qa4+ Nbd7 5. Qxc4 e6 6. g3 a6 7. Bg2 b5 8.
Qc2 Bb7 9. O-O c5 10. Bg5 Rc8 11. Qd1 Qb6 12. Bxf6 Nxf6 13. dxc5 Bxc5 14. e3
O-O 15. Nbd2 Rfe8 16. Qe2 Bb4 17. Rfc1 Rxc1+ 18. Rxc1 Qa5 19. a3 Bf8 20. h3 Qb6
21. Nd4 Nd5 22. N4b3 h6 23. Ne4 Rc8 24. Rxc8 Bxc8 25. Qc2 Bd7 26. Nd4 a5 27.
Nc3 Nc7 28. Nce2 Bc5 29. Nb3 Bd6 30. Nbd4 e5 31. Nf5 Bf8 32. g4 Be6 33. Qd2 g6
34. Nfg3 Be7 35. Ne4 b4 36. axb4 Qxb4 37. Qc1 Nd5 38. N4c3 Nb6 39. Nd1 Qe1+ 40.
Bf1 Nc4 41. Ng3 Nd2 42. Qc2 Bc4 0-1

[Event "Elit(Manhem-LASK)"]
[Site "?"]
[Date "2007.11.17"]
[Round "4"]
[White "Nilsson, Sebastian"]
[Black "Moberg, Karl Johan"]
[Result "1-0"]
[WhiteElo "2271"]
[BlackElo "2327"]
[PlyCount "76"]

1. e4 e5 2. Nf3 Nc6 3. Bb5 a6 4. Ba4 Nf6 5. O-O b5 6. Bb3 Bc5 7. a4 Bb7 8. d3
d6 9. Nc3 b4 10. Nd5 Na5 11. Bg5 Nxb3 12. Bxf6 gxf6 13. cxb3 f5 14. Qd2 Bxd5
15. exd5 Qf6 16. Rfd1 Kd7 17. d4 exd4 18. Nxd4 Rhe8 19. Ne2 Re4 20. Nf4 a5 21.
Rac1 Rae8 22. g3 Qg5 23. Rc4 Qg4 24. Kg2 Qg7 25. Qc1 Bb6 26. Rc6 Rc8 27. Rd3
Qe5 28. Rf3 Rg8 29. Nh5 Rg6 30. Nf4 Rg4 31. Nh5 Rg6 32. Rc4 Qxd5 33. Nf4 Qe5
34. Nxg6 hxg6 35. Rxe4 Qxe4 36. Qc4 Qe6 37. Qb5+ Kc8 38. Qc6 Kb8 1-0

[Event "Elit(Manhem-LASK)"]
[Site "?"]
[Date "2007.11.17"]
[Round "4"]
[White "Vas, Peter"]
[Black "Dragicevic, Drazen"]
[Result "1-0"]
[WhiteElo "2227"]
[BlackElo "2322"]
[PlyCount "71"]

1. e4 c5 2. Nf3 Nc6 3. d4 cxd4 4. Nxd4 Nf6 5. Nc3 e5 6. Ndb5 d6 7. Bg5 a6 8.
Na3 b5 9. Nd5 Be7 10. Bxf6 Bxf6 11. c3 Ne7 12. Nxf6+ gxf6 13. Nc2 Bb7 14. Bd3
d5 15. exd5 Nxd5 16. Be4 f5 17. Bxf5 Nf4 18. Ne3 Nxg2+ 19. Nxg2 Bxg2 20. Rg1
Bc6 21. Qg4 Qf6 22. O-O-O Rd8 23. Rde1 Qh6+ 24. f4 f6 25. Kb1 Rd2 26. fxe5 fxe5
27. Rxe5+ Kd8 28. h4 Re8 29. Rxe8+ Bxe8 30. Qg3 Rd6 31. Ka1 Bf7 32. Bxh7 Qe6
33. Bb1 Kc8 34. Rf1 Kb7 35. Rxf7+ Qxf7 36. Qxd6 1-0

[Event "Elit(Manhem-LASK)"]
[Site "?"]
[Date "2007.11.17"]
[Round "4"]
[White "Frisk, Ellinor"]
[Black "Andersson, Bjorn"]
[Result "0-1"]
[WhiteElo "2230"]
[BlackElo "2320"]
[PlyCount "114"]

1. e4 e5 2. Nf3 Nc6 3. d4 exd4 4. Nxd4 Bc5 5. Be3 Qf6 6. c3 Nge7 7. Bc4 Ne5 8.
Be2 Qg6 9. O-O d6 10. f3 O-O 11. Kh1 Kh8 12. Nd2 f5 13. f4 Qh6 14. exf5 Bxf5
15. fxe5 Qxe3 16. exd6 cxd6 17. N2f3 Be4 18. Re1 Rf6 19. Bb5 Qf4 20. Qe2 d5 21.
Bd3 Bxd4 22. Nxd4 Rh6 23. Nf3 Nf5 24. Kg1 Nd6 25. Bxe4 dxe4 26. Qd2 Qg4 27. Nd4
Re8 28. Qe2 Qg5 29. Rf1 Qe5 30. h3 b5 31. Rad1 Rf6 32. Kh1 Ref8 33. Rxf6 Rxf6
34. Nxb5 Nf7 35. Nd4 h6 36. Rf1 Nd6 37. Rxf6 gxf6 38. Qa6 e3 39. Nf3 e2 40. Ne1
Ne4 41. Qxa7 Qf4 42. Qd4 Nf2+ 43. Kg1 Nxh3+ 44. Kh1 Nf2+ 45. Kg1 Nh3+ 46. Kh1
Nf2+ 47. Kg1 Ne4 48. Qd3 Qf2+ 49. Kh2 Qh4+ 50. Qh3 Qf4+ 51. Kg1 Qf2+ 52. Kh2
Qf4+ 53. Kg1 f5 54. Nf3 Qe3+ 55. Kh2 Nd2 56. Ne1 Qf4+ 57. Qg3 Nf1+ 0-1

[Event "Elit(Manhem-LASK)"]
[Site "?"]
[Date "2007.11.17"]
[Round "4"]
[White "Liljedahl, Lennart"]
[Black "Gajic, Mladen"]
[Result "1-0"]
[WhiteElo "2238"]
[BlackElo "2223"]
[PlyCount "137"]

1. e4 Nf6 2. e5 Nd5 3. Nc3 Nxc3 4. dxc3 Nc6 5. Nf3 d6 6. Bc4 e6 7. Qe2 Be7 8.
Bf4 Nxe5 9. Nxe5 dxe5 10. Qxe5 Bf6 11. Qxc7 Qxc7 12. Bxc7 Bd7 13. Bd6 O-O-O 14.
O-O-O Bc6 15. f3 Bg5+ 16. Kb1 Rd7 17. Be5 Rhd8 18. Rxd7 Rxd7 19. Bd3 f6 20. Bd4
b6 21. Re1 Rd6 22. Be3 Bxe3 23. Rxe3 Bb5 24. Kc1 Bxd3 25. cxd3 e5 26. Kd2 Rd7
27. Re4 g5 28. Ke3 Kc7 29. g3 Rg7 30. Rc4+ Kd6 31. Ke4 Rd7 32. d4 Rd8 33. g4 h5
34. h3 hxg4 35. hxg4 Rh8 36. d5 f5+ 37. Kxf5 Kxd5 38. Rc7 Rf8+ 39. Kxg5 a5 40.
Rd7+ Ke6 41. Rd3 Rf4 42. Re3 b5 43. Kg6 Rf6+ 44. Kh5 Rf8 45. Kh4 Rh8+ 46. Kg3
Rf8 47. Rd3 a4 48. a3 Rh8 49. Rd2 Rf8 50. Rd1 Rh8 51. Rd2 Rf8 52. Kg2 Rh8 53.
Re2 Kf6 54. Re4 Rc8 55. Kf2 Rc5 56. Ke3 Rc8 57. f4 exf4+ 58. Kxf4 Rc6 59. Rb4
Rc5 60. Rd4 Ke6 61. g5 Rc8 62. Kg4 Rc7 63. Kh5 Rf7 64. Kg6 Rc7 65. Kh6 Rc6 66.
g6 Kf6 67. g7 Rc8 68. Rf4+ Ke5 69. Rf8 1-0

[Event "Elit(Kamraterna-Astorp)"]
[Site "?"]
[Date "2007.11.17"]
[Round "4"]
[White "Sjodahl, Pontus"]
[Black "Aberg, Anton"]
[Result "1/2-1/2"]
[WhiteElo "2482"]
[BlackElo "2395"]
[PlyCount "93"]

1. d4 d5 2. c4 c6 3. Nf3 Nf6 4. Qc2 dxc4 5. Qxc4 Bf5 6. g3 e6 7. Bg2 Nbd7 8.
O-O Nb6 9. Qb3 a5 10. Bg5 a4 11. Qd1 Be7 12. a3 O-O 13. Nc3 h6 14. Bxf6 Bxf6
15. e3 Ra5 16. Qe2 Qa8 17. Nd2 Qa6 18. Qxa6 Rxa6 19. Rfc1 Rd8 20. Nce4 Be7 21.
Nc5 Ra7 22. Nde4 h5 23. h4 g6 24. Kf1 Bxe4 25. Bxe4 Bf6 26. Nd3 Kf8 27. Ke2
Raa8 28. Rc2 Rd6 29. Rb1 Ra7 30. Rbc1 Rd8 31. Rc3 Nd7 32. f4 Be7 33. Bf3 Kg7
34. R3c2 Ra5 35. Rc4 Bd6 36. Rd1 Be7 37. Rd2 Nb6 38. Rcc2 Nd7 39. Rc1 Raa8 40.
Rcd1 Ra5 41. Rc1 Rda8 42. e4 Rd8 43. Nf2 Nb6 44. Nd1 Bf6 45. e5 Be7 46. Ne3 Rd7
47. Rc3 1/2-1/2

[Event "Elit(Kamraterna-Astorp)"]
[Site "?"]
[Date "2007.11.17"]
[Round "4"]
[White "Svensson, Bengt"]
[Black "Ivarsson, Stefan"]
[Result "1-0"]
[WhiteElo "2508"]
[BlackElo "2297"]
[PlyCount "51"]

1. e4 e6 2. d4 d5 3. Nc3 Bb4 4. e5 c5 5. a3 Bxc3+ 6. bxc3 Qc7 7. Qg4 f6 8. Bb5+
Kf8 9. Nf3 c4 10. a4 a6 11. Ba3+ Ne7 12. Be8 Kxe8 13. Qxg7 Rf8 14. exf6 Rf7 15.
Qh8+ Rf8 16. Qg7 Rf7 17. Qh8+ Rf8 18. Qxh7 Rxf6 19. Ne5 Rf8 20. O-O Nbc6 21. f4
Ra7 22. Ng6 b6 23. Nxf8 Kxf8 24. Rae1 Qd7 25. Re3 Qe8 26. Rg3 1-0

[Event "Elit(Kamraterna-Astorp)"]
[Site "?"]
[Date "2007.11.17"]
[Round "4"]
[White "Tairi, Faruk"]
[Black "Svenn, Gosta"]
[Result "1/2-1/2"]
[WhiteElo "2443"]
[BlackElo "2362"]
[PlyCount "37"]

1. e4 e5 2. d4 exd4 3. c3 d5 4. exd5 Qxd5 5. cxd4 Nf6 6. Nc3 Qd8 7. Bc4 Be7 8.
Nf3 O-O 9. h3 Nbd7 10. O-O Nb6 11. Bb3 c6 12. Ne5 Nbd5 13. Re1 Be6 14. Bc2 c5
15. Bg5 cxd4 16. Ne2 Nb4 17. Bb1 Nd7 18. Bxe7 Qxe7 19. Qxd4 1/2-1/2

[Event "Elit(Kamraterna-Astorp)"]
[Site "?"]
[Date "2007.11.17"]
[Round "4"]
[White "Andreasson, Ingvar"]
[Black "Johansson, Mikael"]
[Result "1-0"]
[WhiteElo "2400"]
[BlackElo "2361"]
[PlyCount "75"]

1. Nf3 Nf6 2. g3 g6 3. Bg2 Bg7 4. d4 O-O 5. O-O d6 6. c4 c6 7. Qb3 Nbd7 8. Rd1
Qc7 9. Nc3 e5 10. e4 a5 11. h3 a4 12. Qc2 Re8 13. dxe5 dxe5 14. Be3 Qa5 15. Bd2
Qa6 16. Bf1 Bf8 17. Rab1 Qa5 18. Nd5 Qd8 19. Nxf6+ Qxf6 20. Bg5 Qg7 21. b4 axb3
22. axb3 h6 23. Bd2 Qf6 24. Bg2 Nc5 25. Bc3 Bxh3 26. Nxe5 Qe6 27. Bxh3 Qxh3 28.
b4 Bg7 29. Nxg6 fxg6 30. bxc5 Re7 31. Rd6 Kh7 32. Bxg7 Rxg7 33. e5 Qg4 34. Qd3
Ra5 35. e6 Qf5 36. Qxf5 gxf5 37. Rd7 Kg6 38. e7 1-0

[Event "Elit(Kamraterna-Astorp)"]
[Site "?"]
[Date "2007.11.17"]
[Round "4"]
[White "Fagerstrom, Bjorn"]
[Black "Madebrink, Lars"]
[Result "0-1"]
[WhiteElo "2259"]
[BlackElo "2242"]
[PlyCount "64"]

1. d4 Nf6 2. Bg5 d5 3. Bxf6 gxf6 4. e3 c6 5. Nf3 Bg4 6. h3 Bh5 7. Be2 Nd7 8. c4
e6 9. Nc3 Bd6 10. Qb3 Qc7 11. O-O dxc4 12. Qxc4 O-O 13. Rfc1 Nb6 14. Qb3 Qe7
15. e4 Bf4 16. Re1 Rad8 17. Rad1 Kh8 18. a4 Bb8 19. a5 Nc8 20. a6 b6 21. Qc4
Qc7 22. e5 f5 23. Ng5 Bxe2 24. Qxe2 Rg8 25. Qh5 Rg7 26. Re3 Qe7 27. h4 b5 28.
g4 b4 29. gxf5 exf5 30. Ne2 f6 31. exf6 Qxf6 32. Re6 Qxe6 0-1

[Event "Elit(Kamraterna-Astorp)"]
[Site "?"]
[Date "2007.11.17"]
[Round "4"]
[White "Hamark, Jesper"]
[Black "Nilsson, Anders"]
[Result "1-0"]
[WhiteElo "2381"]
[BlackElo "2264"]
[PlyCount "53"]

1. d4 e6 2. c4 Nf6 3. Nc3 Bb4 4. Qc2 O-O 5. a3 Bxc3+ 6. Qxc3 Ne4 7. Qc2 f5 8.
e3 d6 9. Bd3 Nf6 10. Ne2 a5 11. b3 c5 12. O-O Nc6 13. Bb2 b6 14. Rad1 Bb7 15.
d5 Ne5 16. Nf4 exd5 17. Bxf5 g6 18. Be6+ Kg7 19. cxd5 Ba6 20. Bh3 Qe7 21. Ne6+
Kg8 22. Nxf8 Bxf1 23. Nxg6 Nxg6 24. Be6+ Kf8 25. Rxf1 a4 26. bxa4 Ne5 27. h3
1-0

[Event "Elit(Kamraterna-Astorp)"]
[Site "?"]
[Date "2007.11.17"]
[Round "4"]
[White "Tallinger, Thomas"]
[Black "Svenn, Matti"]
[Result "1/2-1/2"]
[WhiteElo "2200"]
[BlackElo "2236"]
[PlyCount "51"]

1. e4 e5 2. f4 Nc6 3. Nf3 f5 4. Nc3 fxe4 5. Nxe5 Nf6 6. d3 exd3 7. Bxd3 d6 8.
Nxc6 bxc6 9. O-O Be7 10. Qf3 d5 11. h3 O-O 12. Ne2 Rb8 13. b3 c5 14. f5 Ne8 15.
Bd2 c6 16. g4 Nd6 17. Rad1 Nf7 18. Bf4 Bd6 19. Qg3 Qc7 20. Rfe1 Bd7 21. Bxd6
Qxd6 22. Qxd6 Nxd6 23. Ng3 Rbe8 24. Rxe8 Rxe8 25. Kf2 Kf7 26. Re1 1/2-1/2

[Event "Elit(Kamraterna-Astorp)"]
[Site "?"]
[Date "2007.11.17"]
[Round "4"]
[White "Haggstrom, Olle"]
[Black "Pettersson, Gosta"]
[Result "1/2-1/2"]
[WhiteElo "2243"]
[BlackElo "2133"]
[PlyCount "147"]

1. d4 d5 2. c4 Bf5 3. cxd5 Bxb1 4. Qa4+ c6 5. Rxb1 Qxd5 6. f3 e5 7. dxe5 Nd7 8.
Bf4 Nxe5 9. Rd1 Qc4 10. Qxc4 Nxc4 11. b3 Bb4+ 12. Kf2 Bc5+ 13. e3 Nb6 14. Bc4
Ne7 15. Nh3 Ned5 16. Rc1 Nxc4 17. Rxc4 Bb6 18. Ke2 O-O-O 19. e4 Rhe8 20. b4 Bd4
21. Rhc1 h6 22. Bd2 Nb6 23. R4c2 f5 24. b5 fxe4 25. bxc6 exf3+ 26. Kxf3 bxc6
27. Rxc6+ Kb7 28. Rc7+ Ka6 29. R7c2 Rf8+ 30. Ke2 Rde8+ 31. Kd3 Be5 32. a4 Rf7
33. Rc6 Kb7 34. R6c5 Rd7+ 35. Kc2 Bxh2 36. a5 Rc8 37. Rxc8 Nxc8 38. Rb1+ Kc6
39. Nf4 Rxd2+ 40. Kxd2 Bxf4+ 41. Kd3 Bc7 42. Rc1+ Kd7 43. a6 Nd6 44. Kd4 Bd8
45. Kd5 Nb5 46. Kc5 Nd6 47. Kd5 Be7 48. Rb1 Bd8 49. Rc1 Bg5 50. Rc2 Nb5 51. Rb2
Nc7+ 52. Ke4 Be7 53. Kf5 Bf6 54. Rc2 Kd6 55. Rc4 Nd5 56. Ke4 Ne7 57. Rc2 Nc6
58. Rc4 h5 59. Kf5 Kd5 60. Rc1 Ne7+ 61. Kf4 g5+ 62. Kf3 Nc6 63. Rh1 Nd4+ 64.
Kf2 h4 65. g3 Nf5 66. gxh4 Nxh4 67. Kg3 Bd4 68. Kg4 Be3 69. Rd1+ Kc6 70. Rb1
Ng6 71. Rb3 Ne5+ 72. Kf5 Nc4 73. Kg4 Kd5 74. Kf3 1/2-1/2

[Event "Elit(Skara-Limhamn)"]
[Site "?"]
[Date "2007.11.17"]
[Round "4"]
[White "Jepson, Christian"]
[Black "Cicak, Slavko"]
[Result "0-1"]
[WhiteElo "2440"]
[BlackElo "2583"]
[PlyCount "86"]
[SourceDate "2007.12.10"]

1. d4 g6 2. c4 Bg7 3. Nc3 Nf6 4. e4 O-O 5. f4 d6 6. Nf3 Na6 7. e5 Ne8 8. Be2 c5
9. d5 Bg4 10. Ng5 f6 11. exf6 exf6 12. Ne6 Bxe6 13. dxe6 f5 14. Nd5 Qb8 15. g4
Nec7 16. gxf5 Nxd5 17. cxd5 Rxf5 18. Bg4 Qf8 19. Qe2 Re8 20. Be3 Nb4 21. O-O
Nxd5 22. Rad1 Nxe3 23. Qxe3 Bd4 24. Rxd4 cxd4 25. Qxd4 Rf6 26. Rf2 b6 27. f5
Qg7 28. Rg2 Qe7 29. h4 Ref8 30. h5 gxf5 31. Bf3+ Kh8 32. Bd5 h6 33. Qc3 f4 34.
Kf2 f3 35. Rg6 Kh7 36. Qd3 Rf5 37. Be4 Qh4+ 38. Kf1 Qh3+ 39. Kf2 Qh2+ 40. Kf1
Rc8 41. Qe3 Rc1+ 42. Qxc1 Qe2+ 43. Kg1 f2+ 0-1

[Event "Elit(Skara-Limhamn)"]
[Site "?"]
[Date "2007.11.17"]
[Round "4"]
[White "Hillarp Persson, Tiger"]
[Black "Helgason, Reynir"]
[Result "1-0"]
[WhiteElo "2627"]
[BlackElo "2389"]
[PlyCount "91"]
[EventDate "2007.??.??"]
[SourceDate "2007.12.12"]

1. e4 c6 2. d4 d5 3. e5 Bf5 4. Nf3 e6 5. Be2 Nd7 6. O-O Bg6 7. Nbd2 Nh6 8. a4
Be7 9. a5 a6 10. c3 O-O 11. b4 f6 12. Nb3 Bh5 13. Bxh6 gxh6 14. Ne1 Bxe2 15.
Qxe2 f5 16. Nd3 Qe8 17. g3 Kh8 18. Kh1 Rg8 19. Rg1 Qf7 20. Nf4 Bg5 21. Qh5 Qe8
22. Qxe8 Raxe8 23. Nh5 Bd8 24. h3 Rgf8 25. Ra2 Rf7 26. Nc1 Nf8 27. Nd3 Ng6 28.
Kg2 Kg8 29. Kf1 Kh8 30. Ke2 Bg5 31. h4 Be7 32. Nhf4 Bd8 33. Ng2 Kg8 34. h5 Nf8
35. Ne3 Nd7 36. f4 Kf8 37. g4 Ke7 38. gxf5 exf5 39. Kf3 Nf8 40. Nc5 Ne6 41.
Nxb7 Bc7 42. Nc5 Ra8 43. Rag2 Nxc5 44. dxc5 Bxe5 45. fxe5 f4 46. Nc2 1-0

[Event "Elit(Skara-Limhamn)"]
[Site "?"]
[Date "2007.11.17"]
[Round "4"]
[White "Tadjerbashi, Amir"]
[Black "Friberg, Hans"]
[Result "0-1"]
[WhiteElo "2244"]
[BlackElo "2271"]
[PlyCount "86"]

1. e4 Nf6 2. e5 Nd5 3. d4 d6 4. c4 Nb6 5. exd6 cxd6 6. Nc3 g6 7. Be3 Bg7 8. Rc1
O-O 9. b3 Nc6 10. Nf3 Bg4 11. Be2 d5 12. c5 Nc8 13. O-O Bxf3 14. Bxf3 e6 15.
Qd2 N8e7 16. Ne2 Nf5 17. g3 Qf6 18. Bg4 Nfxd4 19. Nxd4 Nxd4 20. Bxd4 Qxd4 21.
Qxd4 Bxd4 22. Rfd1 Bg7 23. c6 bxc6 24. Rxc6 Rfc8 25. Rdc1 Rxc6 26. Rxc6 a5 27.
Be2 a4 28. Ra6 Rxa6 29. Bxa6 a3 30. Kf1 Bc3 31. Ke2 Bb4 32. f3 g5 33. Bb5 Kf8
34. f4 gxf4 35. gxf4 Ke7 36. Bd3 h6 37. h3 Kd6 38. Bh7 f6 39. Kd3 e5 40. fxe5+
fxe5 41. Ke3 e4 42. Bg8 Ke5 43. Ke2 d4 0-1